[Event "Tirol Landesliga 2223"]
[White "Neuschmied, Siegfried"]
[Black "De Francesco, Klaus"]
[Site "Austria"]
[Round "2.2"]
[Result "1-0"]
[Date "2022.10.02"]
[WhiteElo "2235"]
[BlackElo "2197"]
[PlyCount "87"]
[EventDate "2022.10.01"]
[EventType "team-tourn"]
[EventRounds "9"]
[EventCountry "AUT"]
[SourceTitle "EXT 2024"]
[Source "ChessBase"]
[SourceDate "2023.10.10"]
[SourceVersion "1"]
[SourceVersionDate "2023.10.10"]
[SourceQuality "1"]
[WhiteTeam "Kufstein/Woergl"]
[BlackTeam "Absam"]
[WhiteTeamCountry "AUT"]
[BlackTeamCountry "AUT"]

1. e4 e6 2. d4 d5 3. Nd2 f5 4. exf5 exf5 5. Bd3 Nf6 6. Ne2 Bd6 7. Nf3 0-0 8. 0-0 Kh8 9. Bg5 Be6 10. Nf4 Qd7 11. Bxf6 Bxf4 12. Be5 Bh6 13. c3 Nc6 14. Qc2 Qf7 15. Rae1 Rae8 16. Re2 Nxe5 17. Nxe5 Qh5 18. g4 fxg4 19. Bxh7 Bf5 20. Bxf5 Rxe5 21. Rxe5 Bf4 22. f3 gxf3 23. Bd3 Bxe5 24. dxe5 Qxe5 25. Qf2 Qf4 26. Kh1 c5 27. Qg3 Qxg3 28. hxg3 g5 29. g4 Rf4 30. Bf5 Kg7 31. Kh2 d4 32. cxd4 Rxd4 33. Rf2 Ra4 34. a3 b5 35. Kg3 b4 36. Bd7 Ra6 37. a4 Rb6 38. Bb5 Kf6 39. b3 Ke5 40. Rxf3 Kd4 41. Bc4 Rh6 42. Rf5 Rh1 43. Rxg5 Rg1+ 44. Kf2 1-0

[Event "AUT-chT2W 2223"]
[White "Neuschmied, Siegfried"]
[Black "Lomsadze, Irakly"]
[Site "Austria"]
[Round "2.5"]
[Result "1-0"]
[Date "2022.09.24"]
[WhiteElo "2232"]
[BlackElo "2119"]
[PlyCount "110"]
[EventDate "2022.09.23"]
[EventType "team-tourn"]
[EventRounds "11"]
[EventCountry "AUT"]
[SourceTitle "CBM 210 Extra"]
[Source "ChessBase"]
[SourceDate "2022.11.30"]
[SourceVersion "1"]
[SourceVersionDate "2022.11.30"]
[SourceQuality "1"]
[WhiteTeam "Kufstein/Woergl"]
[BlackTeam "Salzburg Royal"]
[WhiteTeamCountry "AUT"]
[BlackTeamCountry "AUT"]

1. e4 e6 2. d4 d5 3. e5 c5 4. c3 Nc6 5. Nf3 Bd7 6. Be2 f6 7. 0-0 fxe5 8. dxe5 Qc7 9. Bf4 Nh6 10. Bd3 Nf7 11. Re1 Be7 12. h4 0-0-0 13. Nbd2 Rdg8 14. c4 d4 15. Ne4 h6 16. h5 Nb4 17. Bb1 Bc6 18. a3 Na6 19. Qe2 Rd8 20. Bd3 Kb8 21. Rab1 Rhf8 22. Qd2 Nh8 23. Bg3 Be8 24. Nd6 Bxh5 25. Be4 Bg6 26. b4 Bxe4 27. Rxe4 cxb4 28. Rxd4 Nf7 29. axb4 Ng5 30. Nh4 Rd7 31. Ng6 Rfd8 32. Nxe7 Rxe7 33. Bh4 Qb6 34. Rb2 Rc7 35. c5 Nxc5 36. bxc5 Qxc5 37. Rb5 Qc1+ 38. Qxc1 Rxc1+ 39. Kh2 Rd7 40. Bxg5 hxg5 41. Rg4 a6 42. Rb2 Rc5 43. Re4 b5 44. Kg3 Ka7 45. Kg4 Kb6 46. Nc4+ Kc6 47. Ne3 a5 48. Kxg5 b4 49. f4 Kb5 50. g4 Ka4 51. Nc4 Rdc7 52. Nxa5 Kxa5 53. Rexb4 Re7 54. Rb8 Ka6 55. Ra8+ Ra7 1-0

[Event "AUT-chT2W 2223"]
[White "Juergens, Klaus"]
[Black "Neuschmied, Siegfried"]
[Site "Austria"]
[Round "1.3"]
[Result "1-0"]
[Date "2022.09.23"]
[WhiteElo "2145"]
[BlackElo "2232"]
[PlyCount "119"]
[EventDate "2022.09.23"]
[EventType "team-tourn"]
[EventRounds "11"]
[EventCountry "AUT"]
[SourceTitle "CBM 210 Extra"]
[Source "ChessBase"]
[SourceDate "2022.11.30"]
[SourceVersion "1"]
[SourceVersionDate "2022.11.30"]
[SourceQuality "1"]
[WhiteTeam "Salzburg ASK"]
[BlackTeam "Kufstein/Woergl"]
[WhiteTeamCountry "AUT"]
[BlackTeamCountry "AUT"]

1. Nf3 d5 2. g3 Nf6 3. Bg2 c6 4. 0-0 Bf5 5. c4 e6 6. cxd5 exd5 7. d3 Be7 8. Qb3 Qb6 9. Qc2 Nbd7 10. Nc3 h6 11. e4 dxe4 12. dxe4 Bh7 13. Be3 Qa5 14. h3 0-0 15. a3 Ne5 16. Nxe5 Qxe5 17. Qb3 Qc7 18. Rac1 Bd8 19. Rfe1 Re8 20. Bf4 Qb6 21. Qa2 Nd7 22. Be3 Qa5 23. b4 Qh5 24. f4 Bb6 25. g4 Qh4 26. Qf2 Qxf2+ 27. Kxf2 Bxe3+ 28. Rxe3 Nb6 29. Rd3 Rad8 30. Rcd1 Rxd3 31. Rxd3 Kf8 32. a4 Ke7 33. a5 Nd7 34. Na4 Nf6 35. Rd4 Rd8 36. Ke3 Ne8 37. Rxd8 Kxd8 38. Nc5 Kc7 39. e5 Bb1 40. Kd4 b6 41. Na6+ Kd8 42. Bxc6 bxa5 43. bxa5 g6 44. Kc5 Bd3 45. Bxe8 Kxe8 46. Nc7+ Kd7 47. Nb5 a6 48. Nd6 Ke6 49. h4 Be2 50. g5 h5 51. Kb6 Bd3 52. Kc7 Bc2 53. Nb7 Kf5 54. Nc5 Kxf4 55. Kd6 Kg4 56. Nxa6 Kxh4 57. Nc5 Kxg5 58. a6 Bd1 59. Ne4+ Kf4 60. a7 1-0

[Event "Oberliga Bayern 2122"]
[White "Pfadenhauer, Johannes"]
[Black "Neuschmied, Siegfried"]
[Site "Bayern"]
[Round "8.2"]
[Result "0-1"]
[Date "2022.05.08"]
[WhiteElo "2125"]
[BlackElo "2224"]
[PlyCount "118"]
[EventDate "2021.10.24"]
[EventType "team-tourn"]
[EventRounds "9"]
[EventCountry "GER"]
[SourceTitle "EXT 2024"]
[Source "ChessBase"]
[SourceDate "2023.10.10"]
[SourceVersion "1"]
[SourceVersionDate "2023.10.10"]
[SourceQuality "1"]
[WhiteTeam "Bindlach Aktionaer"]
[BlackTeam "Pang/Rosenheim"]
[WhiteTeamCountry "GER"]
[BlackTeamCountry "GER"]

1. d4 Nf6 2. Bg5 d5 3. e3 e6 4. Bd3 c5 5. c3 Qb6 6. Qb3 Nc6 7. Ne2 Bd6 8. 0-0 Bd7 9. Nd2 Rc8 10. Qxb6 axb6 11. e4 Be7 12. e5 Ng8 13. Bxe7 Ngxe7 14. a3 0-0 15. f4 Rc7 16. Nf3 Na7 17. a4 Nac6 18. Rfb1 Ra8 19. b4 c4 20. Bc2 Rcc8 21. Kf2 Ra7 22. g4 Rca8 23. Ra3 Nd8 24. Rba1 b5 25. a5 b6 26. a6 Ndc6 27. Ng3 Bc8 28. f5 h6 29. f6 gxf6 30. exf6 Ng6 31. Bxg6 fxg6 32. Ne5 Bd7 33. Ke3 Be8 34. h4 Nb8 35. Ne2 Nd7 36. Nxd7 Bxd7 37. Kf4 Kf7 38. Ke5 Rg8 39. g5 hxg5 40. hxg5 Rh8 41. Ng3 Rh3 42. Rh1 Rxg3 43. Rh7+ Ke8 44. Kd6 Rxg5 45. Ra1 Rh5 46. Re7+ Kd8 47. Rg1 Rc7 48. Rxd7+ Rxd7+ 49. Kxe6 Rh2 50. Rxg6 Re2+ 51. Kf5 Rf2+ 52. Ke6 Re2+ 53. Kf5 Re8 54. Rg7 Rxg7 55. fxg7 Ke7 56. Kg6 Ra8 57. a7 Ke6 58. Kh6 Kf7 59. Kh7 Rg8 0-1

[Event "AUT-chT2W 2122"]
[White "Atlas, Dimitry"]
[Black "Neuschmied, Siegfried"]
[Site "Austria"]
[Round "11.1"]
[Result "1-0"]
[Date "2022.03.13"]
[WhiteElo "2203"]
[BlackElo "2235"]
[PlyCount "81"]
[EventDate "2021.10.15"]
[EventType "team-tourn"]
[EventRounds "11"]
[EventCountry "AUT"]
[SourceTitle "EXT 2023"]
[Source "ChessBase"]
[SourceDate "2022.10.05"]
[SourceVersion "1"]
[SourceVersionDate "2022.10.05"]
[SourceQuality "1"]
[WhiteTeam "Hohenems II"]
[BlackTeam "Kufstein/Woergl"]
[WhiteTeamCountry "AUT"]
[BlackTeamCountry "AUT"]

1. e4 c6 2. d4 d5 3. e5 Bf5 4. h4 Qb6 5. Nc3 Na6 6. a3 h6 7. b4 e6 8. g4 Bh7 9. Na4 Qc7 10. Bd3 Bxd3 11. Qxd3 h5 12. gxh5 Rxh5 13. Ne2 0-0-0 14. Ng3 Rh8 15. h5 f5 16. Bg5 Be7 17. Bxe7 Qxe7 18. Rb1 Nc7 19. Nc5 b6 20. Na6 Rd7 21. a4 Kb7 22. b5 cxb5 23. axb5 Nxa6 24. bxa6+ Kb8 25. Ne2 g5 26. Nc3 Nh6 27. Na4 Rc8 28. Qb5 Ka8 29. Qxb6 axb6 30. Nxb6+ Kb8 31. Nxd7+ Kc7 32. Rb7+ Kd8 33. Nc5 Qe8 34. Rh3 Rxc5 35. dxc5 Qa4 36. a7 Qa1+ 37. Kd2 Qd4+ 38. Rd3 Qxf2+ 39. Kc1 Qe1+ 40. Kb2 Qxe5+ 41. Ka2 1-0

[Event "Innsbruck op 5th"]
[White "Ragger, Markus"]
[Black "Neuschmied, Siegfried"]
[Site "Innsbruck"]
[Round "2"]
[Result "1-0"]
[Date "2021.08.22"]
[WhiteElo "2685"]
[BlackElo "2270"]
[PlyCount "65"]
[EventDate "2021.08.21"]
[EventType "swiss"]
[EventRounds "9"]
[EventCountry "AUT"]
[SourceTitle "CBM 204 Extra"]
[Source "ChessBase"]
[SourceDate "2021.11.30"]
[SourceVersion "1"]
[SourceVersionDate "2021.11.30"]
[SourceQuality "1"]

1. e4 c6 2. Nf3 d5 3. Nc3 dxe4 4. Nxe4 Nf6 5. Qe2 Nxe4 6. Qxe4 Qa5 7. Qf4 Qf5 8. Qe3 Qe6 9. b3 Qxe3+ 10. fxe3 Bf5 11. Bb2 Nd7 12. 0-0-0 h6 13. Be2 e6 14. Rdf1 Rg8 15. Rhg1 Bd6 16. d3 Bg4 17. h3 Bxf3 18. gxf3 g6 19. f4 Ke7 20. e4 f5 21. e5 Bc7 22. d4 Kf7 23. Bf3 Bd8 24. c4 Nb6 25. Kc2 Be7 26. Rd1 Rad8 27. a4 a5 28. Bc3 Ra8 29. Bd2 Rgd8 30. Be3 Ra6 31. Rg2 Nd7 32. d5 cxd5 33. cxd5 1-0